00350nam a2200145Ia 4500008004000000041000800040082001200048100001600060245003600076260004400112650000700156650001200163650001600175650001300191210210b1915 xxu||||| |||| 00| 0 eng d aeng a920/100 aWHITE (J W) aAmericas arraignment of Germany aLondonbGeorge G Hadrrap & co ltdc1915 aof aGermany aarraignment aAmericas